000 00338nam a2200133Ia 4500
005 20260326100048.0
008 260326s9999||||xx |||||||||||||| ||und||
100 _aSalomon, Shay
245 0 _aLittle House on a small Planet /
_cShay Salomon
260 _bThe Lyons Press
300 _a265 p.
650 _aVIVIENDA ECONÓMICA
942 _cBK
999 _c7269
_d7269